000
00320 a2200145 4500
001
149913
040
_c
Escola São Tomás de Aquino
100
_a
SANTOS, José
240
1
0
_a
Quadrinhas para miúdos
_l
por
245
1
0
_a
Quadrinhas para miúdos
362
0
_a
2012
440
1
_a
FTD
697
_a
Poesia
942
_c
BK
999
_c
149913
_d
149913